00573nam a2200181 a 4500008004100000020001500041050001200056100001900068245009400087250001200181260003500193300003000228350000900258500002000267650003000287650003400317710004000351060316s1999 ||||||||||||||||| || u a0750640561 aTK 4255 aScaddan, Brian10aIEE 16th edition wiring regulations : design and verification of electrical installations a2nd ed. aOxford ;Boston :bNewnesc1999 a101 pages : illustrations a0.00 aIncludes index. aELECTRIC WIRING, INTERIOR aBUILDINGS--ELECTRIC EQUIPMENT aInstitution of Electrical Engineers